اكتشافات مثيرة : (Record no. 16305)

MARC details
000 -الفاتح
حقل البيانات ثابتة الطول 01134nam a2200277 i 4500
003 - محدد رقم الضبط
رقم الضبط EG-ScBUE
005 - وقت وتاريخ اخر تعامل مع التسجيلة
رقم الضبط 20231214132044.0
008 - عناصر البيانات ثابتة الطول - معلومات عامة
حقل البيانات ثابتة الطول 111207s19uu sy bo f b 000 0 ara d
040 ## - مصدر الفهرسة
وكالة الفهرسة الأصلية EG-ScBUE
لغة الفهرسة ara
قواعد الوصف rda
وكالة النسخ EG-ScBUE
وكالة التعديل EG-ScBUE
082 04 - رقم تصنيف ديوى العشرى
رقم الطبعة 22
رقم التصنيف 939.4
رقم المادة س ب ا
100 1# - المدخل الرئيسى - إسم شخصى
9 (RLIN) 28027
الإسم الشخصى سبانو، أحمد غسان،
الدور مؤلف.
245 10 - بيان العنوان
العنوان اكتشافات مثيرة :
بقية العنوان تغير تاريخ دمشق القديم : إرم ذات العماد /
بيان المسئوليه,etc تأليف أحمد غسان سبانو.
246 30 - العنوان الموازى
عنوان صحيح/عنوان مختصر تاريخ دمشق القديم
264 #1 - النشر، التوزيع
مكان الناشر او الموزع دمشق :
اسم الناشر او الموزع منشورات دار قتيبة،
تاريخ النشر أو التوزيع [19--]
300 ## - الوصف المادى
التعداد 408 صفحة :
تفاصيل ماديه اخرى للوعاء صور، خرائط ؛
أبعاد الوعاء 24 سم
336 ## - نوع المحتوى
source rdacontent
Carrier Type Term نص
Content Type Code txt
337 ## - نوع الوسيط
Media Type Term بدون وسيط
source rdamedia
Media Type Code n
338 ## - نوع الحامل أو الناقل
Carrier Type Term مجلد
Carrier Type Code nc
source rdacarrier
504 ## - تبصرة ببليوجرافية
تبصرة ببليوجرافية,الخ يشتمل على إرجاعات ببليوجرافية.
651 #7 - المدخل الاضافى بالموضوع - اسم جغرافى
9 (RLIN) 28028
الاسم الجغرافي دمشق (سوريا)
التقسيم الفرعي العام تاريخ.
مصدر الرأس أو المصطلح BUEsh
651 #7 - المدخل الاضافى بالموضوع - اسم جغرافى
9 (RLIN) 28029
الاسم الجغرافي دمشق (سوريا)
التقسيم الفرعي العام آثار.
مصدر الرأس أو المصطلح BUEsh
651 #7 - المدخل الاضافى بالموضوع - اسم جغرافى
9 (RLIN) 28030
الاسم الجغرافي سوريا
التقسيم الفرعي العام تاريخ قديم.
مصدر الرأس أو المصطلح BUEsh
653 ## - مصطلح تكشيفى غير مقيد
Arrived date list December2011
655 ## - مصطلح تكشيفى-نوع/شكل
التقسيم الفرعي الشكلي Reading book
942 ## - عناصر المدخل الإضافي( كوها)
مصدر التصنيف او مخطط الترفيف Dewey Decimal Classification
Koha [default] item type Book - Borrowing
Holdings
حالة التراجع حالة الفقد مصدر التصنيف او خطة الترفيف حالة تلف ليس للاعارة مجموعات كوها المكان الدائم المكان الحالي موقع الترفيف تاريخ الاكتساب Source of acquisition رقم الاستدعاء الباركود Date last seen نوع الوعاء
    Dewey Decimal Classification     Alef-Baa Central Library Central Library Second Floor 07/12/2011 Purchase 939.4 س ب ا 000025792 15/07/2025 Book - Borrowing